000 01007nam0a22002771 4500
001 rc\2250711
005 20250623070252.0
035 _a(NLR Aleph) 006653168
090 _a4815847
_c4815847
100 _a20110829d1979 |||y0rusy50 ca
101 0 _arus
102 _aRU
105 _ay z |||||
200 1 _aОкрашенный поливинилхлорид и полистирол
_f[Сост. к. х. н. Годжаевым М.А.]
210 _aБаку
_cБ. и.
_d1979
215 _a28 с.
_d20
225 1 _aТематический обзор
_fАН АзССР, Ин-т нефтехим. процессов им. Ю.Г. Мамедалиева. Лаб. НТИ и прогнозирования
_v№ 34
300 _aНа обл. только загл. сер.
320 _aБиблиогр.: с. 25-27
700 1 _aГоджаев
_bМ.А.
801 0 _aRU
_bNLR
_gpsbo
801 1 _aRU
_bELAR
_2rusmarc
852 _aNLR
_jП51/626
899 _aRuMoRGB
_jXXV 54/142
942 _cBOOK
980 _aNB